| 000 | 00792nam a2200241 4500 | ||
|---|---|---|---|
| 003 | OSt | ||
| 005 | 20240708053454.0 | ||
| 006 | a | ||
| 008 | 240708b |||||||| |||| 00| 0 eng d | ||
| 020 | _a0910627320 | ||
| 040 |
_aDWCL-Main lib. _cOC |
||
| 082 | _aCirc. 381.4564130068 F966h 2004 | ||
| 100 | _aFullen, Sharon L. | ||
| 245 | _aHow to open a financially successful specialty retail and gourmet food shop : with companion CD-ROM / | ||
| 260 |
_aOcala, Florida : _bAtlantic Group, Inc., _cc2004. |
||
| 300 |
_b286 p. : ill. ; _c20 cm. |
||
| 504 | _aIncludes index. | ||
| 650 | _a1. New business enterprises. | ||
| 650 | _a2. New business enterprises-Management. | ||
| 650 | _a3. Food industry and trade. | ||
| 650 | _a4. Specialty store. | ||
| 942 |
_2ddc _n0 _cBK-CIRC _kCirc. |
||
| 999 |
_c2091 _d2091 |
||